Application of present value at calculation of the sum of value adjustments to long term receivables and long term loans

Súčasná hodnota ako jedna z oceňovacích veličín a jej význam pri výpočte opravnej položky k dlhodobej pohľadávke a dlhodobej pôžičke. Konkrétne spôsoby výpočtu opravnej položky k dlhodobej pôžičke založeného na súčasnej hodnote.

Saved in:
Bibliographic Details
Main Author: Blahušiaková, Miriama, 1980-
Format: Book Chapter
Language:Slovak
Subjects:
Tags: Add Tag
No Tags, Be the first to tag this record!

MARC

LEADER 00000naa$a2200000$$$4500
001 0222828
005 20240502083553.4
041 0 |a slo 
044 |a CZ 
245 1 0 |a Application of present value at calculation of the sum of value adjustments to long term receivables and long term loans  |c Miriama Blahušiaková 
520 |a Súčasná hodnota ako jedna z oceňovacích veličín a jej význam pri výpočte opravnej položky k dlhodobej pohľadávke a dlhodobej pôžičke. Konkrétne spôsoby výpočtu opravnej položky k dlhodobej pôžičke založeného na súčasnej hodnote. 
610 2 0 |a účtovníctvo 
610 2 0 |a položky opravné 
610 2 0 |a pôžičky 
610 2 0 |a pohľadávky 
610 2 0 |a majetok 
610 2 0 |a hodnota 
100 1 |a Blahušiaková, Miriama, 1980-